000 00684cam a22002055a 4500
001 L153540
008 110804s2011 xxk f 000 0 eng d
020 _a9781859463512
035 _a(Sirsi) u153540
041 0 _aeng
050 0 4 _a624.08 $2 18
100 1 _aForward, F
245 0 0 _aGuide to NEC3
260 _aLondon
_bRIBA
_c2011
520 _aExplains the NEC3 on a practical level, with specific reference to architectural projects. It considers the use of the NEC3 internationally, and includes a checklist of required contractual communications.
590 _aKA
651 4 _aENGLAND AND WALES
690 _aBUILT ENVIRONMENT-BUILDING CONTRACT FORMS
942 _n0
999 _c112582
_d112582